00277pam a2200109 a 4500020000500000041000500005082001800010100002000028245006900048260003300117300001700150 c h a751.4224bLOW aArnold Lowrey . aHandbook of watercolour Tips and Techniques hTextual Documents a[s.l]:bSearch Press,c2015. a376:bpaper.